<?xml version="1.0" encoding="UTF-8"?>
<record
    xmlns:xsi="http://www.w3.org/2001/XMLSchema-instance"
    xsi:schemaLocation="http://www.loc.gov/MARC21/slim http://www.loc.gov/standards/marcxml/schema/MARC21slim.xsd"
    xmlns="http://www.loc.gov/MARC21/slim">

  <leader>01025nam a2200253 a 4500</leader>
  <controlfield tag="001">62632</controlfield>
  <controlfield tag="003">BD-RjUL</controlfield>
  <controlfield tag="005">20211209081115.0</controlfield>
  <controlfield tag="008">170124s2000    bg a|||| |||| 00| 0 ben d</controlfield>
  <datafield tag="020" ind1=" " ind2=" ">
    <subfield code="a">9840738909</subfield>
    <subfield code="c">: Tk. 60.00</subfield>
  </datafield>
  <datafield tag="035" ind1=" " ind2=" ">
    <subfield code="a">(BD-RjUL)62758</subfield>
  </datafield>
  <datafield tag="040" ind1=" " ind2=" ">
    <subfield code="a">BD-RjUL</subfield>
    <subfield code="b">ben</subfield>
    <subfield code="c">BD-RjUL</subfield>
  </datafield>
  <datafield tag="041" ind1=" " ind2=" ">
    <subfield code="a">ben</subfield>
  </datafield>
  <datafield tag="082" ind1=" " ind2=" ">
    <subfield code="2">23</subfield>
    <subfield code="a">759.95492</subfield>
    <subfield code="b">AZB 2000</subfield>
  </datafield>
  <datafield tag="100" ind1=" " ind2=" ">
    <subfield code="a">&#x986;&#x99C;&#x9BF;&#x9AE;, &#x9AB;&#x9AF;&#x9BC;&#x9C7;&#x99C;&#x9C1;&#x9B2; </subfield>
    <subfield code="9">175786</subfield>
  </datafield>
  <datafield tag="245" ind1="1" ind2="0">
    <subfield code="a">&#x9AC;&#x9BE;&#x982;&#x9B2;&#x9BE;&#x9A6;&#x9C7;&#x9B6;&#x9C7;&#x9B0; &#x9B6;&#x9BF;&#x9B2;&#x9CD;&#x9AA;&#x995;&#x9B2;&#x9BE;&#x9B0; &#x986;&#x9A6;&#x9BF;&#x9AA;&#x9B0;&#x9CD;&#x9AC; &#x993; &#x994;&#x9AA;&#x9A8;&#x9BF;&#x9AC;&#x9C7;&#x9B6;&#x9BF;&#x995; &#x9AA;&#x9CD;&#x9B0;&#x9AD;&#x9BE;&#x9AC; /</subfield>
    <subfield code="c">&#x9AB;&#x9AF;&#x9BC;&#x9C7;&#x99C;&#x9C1;&#x9B2; &#x986;&#x99C;&#x9BF;&#x9AE;</subfield>
  </datafield>
  <datafield tag="260" ind1=" " ind2=" ">
    <subfield code="a">&#x9A2;&#x9BE;&#x995;&#x9BE; :</subfield>
    <subfield code="b">&#x9AC;&#x9BE;&#x982;&#x9B2;&#x9BE; &#x98F;&#x995;&#x9BE;&#x9A1;&#x9C7;&#x9AE;&#x9C0;, </subfield>
    <subfield code="c">&#x9E8;&#x9E6;&#x9E6;&#x9E6;</subfield>
  </datafield>
  <datafield tag="300" ind1=" " ind2=" ">
    <subfield code="a">[&#x9EF;], &#x9E7;&#x9EA;&#x9EF; &#x9AA;&#x9C3;. :</subfield>
    <subfield code="b">&#x99A;&#x9BF;&#x9A4;&#x9CD;&#x9B0; ;</subfield>
    <subfield code="c">&#x9E8;&#x9E9; &#x9B8;&#x9C7;&#x9AE;&#x9BF;.</subfield>
  </datafield>
  <datafield tag="490" ind1=" " ind2=" ">
    <subfield code="a">&#x9AC;&#x9BE;&#x98F; ;</subfield>
    <subfield code="v">&#x9E9;&#x9EE;&#x9EE;&#x9E7;</subfield>
  </datafield>
  <datafield tag="650" ind1=" " ind2=" ">
    <subfield code="a">&#x99A;&#x9BF;&#x9A4;&#x9CD;&#x9B0;, &#x9AC;&#x9BE;&#x982;&#x9B2;&#x9BE;&#x9A6;&#x9C7;&#x9B6;&#x9C0;</subfield>
    <subfield code="y">&#x9E8;&#x9E6;&#x9B6;&#x9A4;&#x995;</subfield>
    <subfield code="9">186193</subfield>
  </datafield>
  <datafield tag="650" ind1=" " ind2=" ">
    <subfield code="a">Painting, Bangladeshi </subfield>
    <subfield code="y">20th century.</subfield>
    <subfield code="9">186194</subfield>
  </datafield>
  <datafield tag="830" ind1=" " ind2=" ">
    <subfield code="a">&#x9AC;&#x9BE;&#x98F; ;</subfield>
    <subfield code="v">&#x9E9;&#x9EE;&#x9EE;&#x9E7;</subfield>
    <subfield code="9">186196</subfield>
  </datafield>
  <datafield tag="942" ind1=" " ind2=" ">
    <subfield code="2">ddc</subfield>
    <subfield code="c">BK</subfield>
  </datafield>
  <datafield tag="999" ind1=" " ind2=" ">
    <subfield code="c">62632</subfield>
    <subfield code="d">62632</subfield>
  </datafield>
  <datafield tag="952" ind1=" " ind2=" ">
    <subfield code="0">0</subfield>
    <subfield code="1">0</subfield>
    <subfield code="2">ddc</subfield>
    <subfield code="4">0</subfield>
    <subfield code="7">1</subfield>
    <subfield code="8">NFIC</subfield>
    <subfield code="a">RUCL</subfield>
    <subfield code="b">RUCL</subfield>
    <subfield code="c">Reading</subfield>
    <subfield code="d">2012-07-21</subfield>
    <subfield code="e">Bangla Academy, Dhaka</subfield>
    <subfield code="g">60.00</subfield>
    <subfield code="l">0</subfield>
    <subfield code="o">B 759.95492 AZB 2000</subfield>
    <subfield code="r">2017-01-24 00:00:00</subfield>
    <subfield code="t">C-1</subfield>
    <subfield code="w">2017-01-24</subfield>
    <subfield code="y">BK</subfield>
  </datafield>
  <datafield tag="952" ind1=" " ind2=" ">
    <subfield code="0">0</subfield>
    <subfield code="1">0</subfield>
    <subfield code="2">ddc</subfield>
    <subfield code="4">0</subfield>
    <subfield code="7">0</subfield>
    <subfield code="8">NFIC</subfield>
    <subfield code="a">RUCL</subfield>
    <subfield code="b">RUCL</subfield>
    <subfield code="c">Stack</subfield>
    <subfield code="d">2012-07-21</subfield>
    <subfield code="e">Bangla Academy, Dhaka</subfield>
    <subfield code="g">60.00</subfield>
    <subfield code="l">3</subfield>
    <subfield code="o">B 759.95492 AZB 2000</subfield>
    <subfield code="r">2022-01-19 00:00:00</subfield>
    <subfield code="s">2021-12-17</subfield>
    <subfield code="t">C-2</subfield>
    <subfield code="w">2017-01-26</subfield>
    <subfield code="y">BK</subfield>
  </datafield>
</record>
